[Event "Pan American-ch U18"]
[Site "Guayaquil"]
[Date "2019.07.25"]
[Round "7"]
[White "Peng, Shunkai"]
[Black "Vasquez Jimenez, Cristhian"]
[Result "1-0"]
[WhiteElo "2300"]
[BlackElo "2022"]
[PlyCount "87"]
[EventDate "2019.07.21"]
[EventType "swiss"]
[EventRounds "9"]
[EventCountry "ECU"]
[SourceTitle "EXT 2020"]
[Source "ChessBase"]
[SourceDate "2019.10.17"]
[SourceVersion "1"]
[SourceVersionDate "2019.10.17"]
[SourceQuality "1"]

1. e4 e6 2. d4 d5 3. Nd2 Nf6 4. e5 Nfd7 5. Bd3 c5 6. c3 Nc6 7. Ne2 cxd4 8. cxd4 f6 9. exf6 Nxf6 10. Nf3 Bd6 11. 0-0 Qc7 12. h3 0-0 13. Be3 Bd7 14. Rc1 Rae8 15. Qd2 Qb8 16. a3 Kh8 17. Rfe1 a6 18. Bb1 Re7 19. Bf4 e5 20. dxe5 Nxe5 21. Nxe5 Bxe5 22. Bxe5 Rxe5 23. Nf4 Rfe8 24. Nd3 Rxe1+ 25. Nxe1 Rc8 26. Nf3 Rxc1+ 27. Qxc1 Bc6 28. Bd3 Qe8 29. Qf4 Kg8 30. Qc7 Qd7 31. Qb6 Qe8 32. Qb4 Qf8 33. Qc3 Qe7 34. Bxa6 Ne4 35. Qc2 Ng5 36. Nxg5 Qxg5 37. Bf1 g6 38. b4 Bd7 39. Qc7 Bxh3 40. Qb8+ Kg7 41. Qxb7+ Kh6 42. Qb8 Bf5 43. Qh2+ Kg7 44. Qe5+ 1-0

[Event "Pan American-ch U18"]
[Site "Guayaquil"]
[Date "2019.07.23"]
[Round "4"]
[White "Gomez Huaraya, Jesus Miguel"]
[Black "Vasquez Jimenez, Cristhian"]
[Result "1/2-1/2"]
[WhiteElo "2060"]
[BlackElo "2022"]
[PlyCount "53"]
[EventDate "2019.07.21"]
[EventType "swiss"]
[EventRounds "9"]
[EventCountry "ECU"]
[SourceTitle "EXT 2020"]
[Source "ChessBase"]
[SourceDate "2019.10.17"]
[SourceVersion "1"]
[SourceVersionDate "2019.10.17"]
[SourceQuality "1"]

1. d4 Nf6 2. c4 e6 3. Nf3 b6 4. g3 Ba6 5. Qc2 Bb4+ 6. Nbd2 0-0 7. Bg2 d5 8. 0-0 c5 9. dxc5 Bxc5 10. a3 Qc7 11. b3 Nbd7 12. Bb2 Rac8 13. Rac1 dxc4 14. b4 Be7 15. Qa4 Bb7 16. Rxc4 Qb8 17. Rd1 Qa8 18. h3 Bc6 19. Qa6 Bb7 20. Qa4 a6 21. Qb3 b5 22. Rcc1 Nb6 23. Ne1 Bxg2 24. Nxg2 Rxc1 25. Rxc1 Rd8 26. Nf3 Nc4 27. Ne5 1/2-1/2

[Event "Pan American-ch U18"]
[Site "Guayaquil"]
[Date "2019.07.22"]
[Round "2"]
[White "Garcia De Dios, Jose Antonio"]
[Black "Vasquez Jimenez, Cristhian"]
[Result "1-0"]
[WhiteElo "2143"]
[BlackElo "2022"]
[PlyCount "83"]
[EventDate "2019.07.21"]
[EventType "swiss"]
[EventRounds "9"]
[EventCountry "ECU"]
[SourceTitle "EXT 2020"]
[Source "ChessBase"]
[SourceDate "2019.10.17"]
[SourceVersion "1"]
[SourceVersionDate "2019.10.17"]
[SourceQuality "1"]

1. d4 Nf6 2. c4 e6 3. Nf3 b6 4. g3 Ba6 5. b3 Bb4+ 6. Bd2 c5 7. Bg2 Bb7 8. 0-0 0-0 9. a3 Bxd2 10. Qxd2 cxd4 11. Qxd4 Nc6 12. Qb2 d5 13. Rd1 Qe7 14. cxd5 Nxd5 15. e4 Qf6 16. Qa2 Nde7 17. Nbd2 Ba6 18. Rac1 Rad8 19. Nf1 Bd3 20. Re1 e5 21. N1d2 Rd6 22. Qb2 Rfd8 23. b4 a6 24. Rc3 g5 25. h3 h5 26. a4 b5 27. a5 g4 28. hxg4 hxg4 29. Nh2 Rd4 30. Nxg4 Qg5 31. Ne3 Nxb4 32. Nf3 Qh6 33. Nxd4 exd4 34. Qxb4 dxe3 35. Rxe3 Nc6 36. Qc5 Bc4 37. Re1 Qd2 38. Rce3 Qd6 39. Qg5+ Qg6 40. Qc5 Nd4 41. Qe7 Rd6 42. e5 1-0

[Event "Pan American-ch U16"]
[Site "San Jose"]
[Date "2017.07.03"]
[Round "4"]
[White "Aspiazu Sibri, Marlon Steven"]
[Black "Vasquez Jimenez, Cristhian"]
[Result "1/2-1/2"]
[WhiteElo "1929"]
[BlackElo "2089"]
[PlyCount "43"]
[EventDate "2017.07.01"]
[EventType "swiss"]
[EventRounds "9"]
[EventCountry "CRI"]
[SourceTitle "EXT 2022"]
[Source "ChessBase"]
[SourceDate "2021.10.06"]
[SourceVersion "1"]
[SourceVersionDate "2021.10.06"]
[SourceQuality "1"]

1. d4 Nf6 2. c4 e6 3. Nc3 Bb4 4. e3 0-0 5. Nge2 d5 6. a3 Be7 7. cxd5 exd5 8. g3 c6 9. Bg2 Bf5 10. 0-0 Re8 11. Nf4 h6 12. Nd3 Nbd7 13. f3 Bf8 14. Nf2 Bg6 15. e4 c5 16. Nxd5 cxd4 17. Qxd4 Bc5 18. Qd1 Ne5 19. Kh1 Bxf2 20. Rxf2 Nd3 21. Rf1 Qb6 22. Qd2 1/2-1/2

[Event "Pan American-ch U16"]
[Site "San Jose"]
[Date "2017.07.01"]
[Round "1"]
[White "Vasquez Jimenez, Cristhian"]
[Black "Curth Talledo, Anthony Paul"]
[Result "1/2-1/2"]
[WhiteElo "2089"]
[BlackElo "1606"]
[PlyCount "92"]
[EventDate "2017.07.01"]
[EventType "swiss"]
[EventRounds "9"]
[EventCountry "CRI"]
[SourceTitle "EXT 2022"]
[Source "ChessBase"]
[SourceDate "2021.10.06"]
[SourceVersion "1"]
[SourceVersionDate "2021.10.06"]
[SourceQuality "1"]

1. e4 c5 2. Nf3 d6 3. d4 cxd4 4. Nxd4 Nf6 5. Nc3 a6 6. Bc4 e6 7. 0-0 Nbd7 8. Re1 b5 9. Bd5 Nxd5 10. exd5 e5 11. Nc6 Qc7 12. f4 Bb7 13. Qf3 Bxc6 14. dxc6 Nf6 15. fxe5 dxe5 16. Qg3 0-0-0 17. Qxe5 Qxe5 18. Rxe5 b4 19. Na4 Rd1+ 20. Kf2 Ng4+ 21. Ke2 Nxe5 22. Kxd1 Nxc6 23. Bf4 Kb7 24. Ke2 Nd4+ 25. Kd3 Ne6 26. Be5 Be7 27. Re1 Rd8+ 28. Ke3 Bg5+ 29. Kf3 Rd2 30. Re2 Rxe2 31. Kxe2 Kc6 32. b3 f6 33. Bg3 Nf4+ 34. Kf3 Nd5 35. Bf2 Kb5 36. Ke4 Nf4 37. Kf3 Ne6 38. Nb2 Bf4 39. Nd3 Bd6 40. h4 Kc6 41. Ke4 g6 42. g4 Ng7 43. Bd4 f5+ 44. Kf3 fxg4+ 45. Kxg4 Nf5 46. Bf2 Kd5 1/2-1/2

[Event "South America-ch U16 13th"]
[Site "Santiago de Chile"]
[Date "2016.12.02"]
[Round "3"]
[White "Donoso Diaz, Sebastian"]
[Black "Vasquez Jimenez, Cristhian"]
[Result "1/2-1/2"]
[WhiteElo "2093"]
[BlackElo "2040"]
[PlyCount "49"]
[EventDate "2016.12.01"]
[EventType "swiss"]
[EventRounds "9"]
[EventCountry "CHI"]
[SourceTitle "EXT 2018"]
[Source "ChessBase"]
[SourceDate "2017.10.13"]
[SourceVersion "1"]
[SourceVersionDate "2017.10.13"]
[SourceQuality "1"]

1. e4 e6 2. d4 d5 3. Nc3 Bb4 4. e5 c5 5. a3 Bxc3+ 6. bxc3 Qc7 7. Qg4 Ne7 8. Bd3 cxd4 9. Ne2 dxc3 10. Qxg7 Rg8 11. Qxh7 Qxe5 12. Bf4 Qf6 13. h4 Nd7 14. Bg5 Qh8 15. Qxh8 Rxh8 16. Nxc3 f6 17. Bd2 Ne5 18. Be2 Nf5 19. h5 Nd4 20. 0-0-0 Bd7 21. Rh4 Nxe2+ 22. Nxe2 Rc8 23. Bc3 Bb5 24. Bxe5 Bxe2 25. Bxf6 1/2-1/2

[Event "Piura op 10th"]
[Site "Piura"]
[Date "2016.10.15"]
[Round "4"]
[White "Vasquez Jimenez, Cristhian"]
[Black "Vera Siguenas, Deivy Anthoni"]
[Result "0-1"]
[WhiteElo "2023"]
[BlackElo "2519"]
[PlyCount "69"]
[EventDate "2016.10.14"]
[EventType "swiss"]
[EventRounds "7"]
[EventCountry "PER"]
[SourceTitle "EXT 2018"]
[Source "ChessBase"]
[SourceDate "2017.10.13"]
[SourceVersion "1"]
[SourceVersionDate "2017.10.13"]
[SourceQuality "1"]

1. e4 e5 2. Nf3 Nc6 3. Bb5 a6 4. Ba4 Nf6 5. d3 d6 6. c3 g6 7. 0-0 Bg7 8. Nbd2 0-0 9. Re1 b5 10. Bb3 Na5 11. Bc2 c5 12. a4 Bb7 13. Nf1 Nc6 14. axb5 axb5 15. Rxa8 Bxa8 16. Ne3 Qd7 17. h3 Re8 18. Qe2 Nd8 19. c4 b4 20. Nd5 Ne6 21. Qd1 Bc6 22. Be3 Qb7 23. Qc1 Nd7 24. Bb3 Nd4 25. Bxd4 cxd4 26. Qg5 Bxd5 27. exd5 Ra8 28. Nd2 f6 29. Qg4 f5 30. Qd1 Nc5 31. g4 Qd7 32. gxf5 Qxf5 33. Ne4 Nxe4 34. Rxe4 Qxh3 35. Qf1 0-1

[Event "PER-ch U20"]
[Site "Lima"]
[Date "2016.04.24"]
[Round "9"]
[White "Vasquez Jimenez, Cristhian"]
[Black "Sanchez Zambrano, Vanessa"]
[Result "1/2-1/2"]
[WhiteElo "1990"]
[BlackElo "1903"]
[PlyCount "42"]
[EventDate "2016.04.20"]
[EventType "swiss"]
[EventRounds "9"]
[EventCountry "PER"]
[SourceTitle "CBM 172 Extra"]
[Source "ChessBase"]
[SourceDate "2016.06.21"]
[SourceVersion "1"]
[SourceVersionDate "2016.06.21"]
[SourceQuality "1"]

1. e4 c5 2. Nf3 d6 3. d4 cxd4 4. Nxd4 Nf6 5. Nc3 a6 6. Bc4 e6 7. Bb3 b5 8. 0-0 Be7 9. Qf3 Qb6 10. Be3 Qb7 11. Qg3 b4 12. Na4 Nbd7 13. f3 0-0 14. Rad1 Ne5 15. Nb6 Rb8 16. Nc4 Qc7 17. Nd2 Bd7 18. a3 bxa3 19. bxa3 Qc3 20. Qe1 Rfc8 21. h3 Nc6 1/2-1/2

[Event "PER-ch U20"]
[Site "Lima"]
[Date "2016.04.20"]
[Round "1"]
[White "Bernedo Ludena, Roque"]
[Black "Vasquez Jimenez, Cristhian"]
[Result "0-1"]
[WhiteElo "1687"]
[BlackElo "1990"]
[PlyCount "78"]
[EventDate "2016.04.20"]
[EventType "swiss"]
[EventRounds "9"]
[EventCountry "PER"]
[SourceTitle "CBM 172 Extra"]
[Source "ChessBase"]
[SourceDate "2016.06.21"]
[SourceVersion "1"]
[SourceVersionDate "2016.06.21"]
[SourceQuality "1"]

1. e4 e6 2. d4 d5 3. Nc3 Bb4 4. e5 c5 5. a3 Bxc3+ 6. bxc3 Qa5 7. Bd2 Qa4 8. Qg4 Kf8 9. Bd3 c4 10. Be2 Ne7 11. Nf3 Nbc6 12. 0-0 Qxc2 13. Bd1 Qg6 14. Qh3 h5 15. Ne1 Nf5 16. Kh1 Qh7 17. g3 Bd7 18. Bc2 Rc8 19. a4 Na5 20. Ra2 Nb3 21. Bf4 Qg8 22. Bg5 Ke8 23. Qg2 Ne7 24. f3 Qf8 25. g4 Rc6 26. f4 hxg4 27. Bxe7 Qxe7 28. f5 Qh4 29. f6 gxf6 30. exf6 Qh3 31. Rf4 Qxc3 32. Qg1 g3 33. h4 g2+ 34. Kh2 Qb4 35. Nf3 Qf8 36. Ne5 Qh6 37. Qf2 Rg8 38. Ng4 Qh5 39. Bd1 Nc1 0-1

[Event "PER-ch U16"]
[Site "Lima"]
[Date "2016.02.06"]
[Round "8.4"]
[White "Vasquez Jimenez, Cristhian"]
[Black "Acevedo Chavez, Freddy Adrian"]
[Result "1-0"]
[WhiteElo "1973"]
[BlackElo "1811"]
[PlyCount "43"]
[EventDate "2016.02.02"]
[EventType "swiss"]
[EventRounds "9"]
[EventCountry "PER"]
[SourceTitle "EXT 2024"]
[Source "ChessBase"]
[SourceDate "2023.10.10"]
[SourceVersion "1"]
[SourceVersionDate "2023.10.10"]
[SourceQuality "1"]

1. e4 e6 2. d4 d5 3. Nd2 Nf6 4. e5 Nfd7 5. Bd3 c5 6. c3 Nc6 7. Ne2 cxd4 8. cxd4 f6 9. exf6 Nxf6 10. Nf3 Bd6 11. 0-0 0-0 12. Bg5 Qc7 13. Qc2 Nb4 14. Qxc7 Bxc7 15. Bb5 Bd7 16. Bxd7 Nxd7 17. Be7 Rxf3 18. gxf3 Nc6 19. Bh4 Rf8 20. Kg2 e5 21. Bg3 Bb6 22. dxe5 1-0

[Event "South America-ch U14 12th"]
[Site "Santa Cruz"]
[Date "2015.12.05"]
[Round "5"]
[White "Vasquez Jimenez, Cristhian"]
[Black "Romero Gonzalez, Juan Ignacio"]
[Result "0-1"]
[WhiteElo "1967"]
[BlackElo "1821"]
[PlyCount "42"]
[EventDate "2015.12.02"]
[EventType "swiss"]
[EventRounds "9"]
[EventCountry "BOL"]
[SourceTitle "CBM 170 Extra"]
[Source "ChessBase"]
[SourceDate "2016.02.25"]
[SourceVersion "1"]
[SourceVersionDate "2016.02.25"]
[SourceQuality "1"]

1. e4 c6 2. d4 d5 3. exd5 cxd5 4. Bd3 Nc6 5. c3 Qc7 6. Qf3 e5 7. dxe5 Nxe5 8. Qe2 Be7 9. Bb5+ Nc6 10. Nf3 Nf6 11. 0-0 0-0 12. h3 Bc5 13. Nbd2 a6 14. Bd3 Re8 15. Qd1 Qg3 16. Kh1 Bxf2 17. Nb3 Ne4 18. Bxe4 dxe4 19. Nfd4 Nxd4 20. Nxd4 e3 21. Qf3 e2 0-1